Statistics for European Countries by Most Popular Surnames #2 (with map)

Click here to take the quiz!

General Stats

  • This quiz has been taken 76 times
  • The average score is 9 of 18

Answers on the Map

Answers color-coded by a green-red scale on the quiz's map according to % correct below.
 

Answer Stats

SurnameCountry% Correct
MurphyIreland
91%
GruberAustria
85%
Müller/BianchiSwitzerland
75%
HansenNorway
74%
DimitrovBulgaria
60%
NagyHungary
60%
KazlauskasLithuania
58%
NowakPoland
55%
NovakSlovenia
46%
HodžićBosnia
43%
IvanovBelarus
42%
TammEstonia
42%
SchmitLuxembourg
38%
HorváthSlovakia
38%
RusuMoldova
34%
ZogajKosovo
32%
AndovF.Y.R.O.M.
26%
BorgMalta
22%

Score Distribution

Percentile by Number Answered

Percent of People with Each Score

Your Score History

You have not taken this quiz